000 00870cam a22002773a 4500
001 29678
003 PGUSA
005 20140828083636.0
008 090812s2009||||xxu|||||s|||||000 | eng d
040 _aPGUSA
_beng
042 _adc
050 4 _aBS
100 1 _aLuther, Martin,
_d1483-1546
245 1 4 _aThe Epistles of St. Peter and St. Jude Preached and Explained
_h[electronic resource] /
_cMartin Luther
260 _bProject Gutenberg,
_c2009
506 _aPublic domain in the USA.
516 _aElectronic text
653 _aBible. Peter
653 _aBible. Jude
653 _aBible. Jude -- Criticism, interpretation, etc.
653 _aBible. Peter -- Criticism, interpretation, etc.
700 1 _aGillett, E. H.
_q(Ezra Hall),
_d1823-1875
830 0 _aProject Gutenberg
_v29678
856 4 0 _uhttp://www.gutenberg.org/ebooks/29678
942 _cEB
999 _c258933
_d258933